000 00362 a2200145 4500
001 165024
020 _a
040 _cMagnum
100 _aEsteban, Maria Teresa Et Al.
240 1 0 _aAvaliacao: uma pratica em busca de novos sentidos
_lpor
245 1 0 _aAvaliacao: uma pratica em busca de novos sentidos
362 0 _a1899
697 _aENSINO
942 _cBK
999 _c165024
_d165024